| 000 | 00446pab a2200157 454500 | ||
|---|---|---|---|
| 008 | 180718b2004 xxu||||| |||| 00| 0 eng d | ||
| 100 | _aMartin, Ingrid M. | ||
| 245 | _aUsing multiple methods to understand agency values and objectives: lessons for public lands management | ||
| 260 | _c2004 | ||
| 300 | _ap.37-69. | ||
| 362 | _aMar | ||
| 650 | _aLand economics | ||
| 700 | _aSteelman, Toddi A. | ||
| 773 | _aPolicy Sciences | ||
| 909 | _a62477 | ||
| 999 |
_c62477 _d62477 |
||